000 00930nam a22002417a 4500
999 _c15993
_d15993
003 AR-CdUCM
008 190405b ||||| |||| 00| 0 spa d
040 _aMUNICIPALIDAD PROVINCIAL DEL CUSCO
_cBIBLIOTECA MUNICIPAL DEL CUSCO
041 _heng
082 _a372 /
_bD298
_27ed.
100 _aDecroly, Ovide
_929693
245 _aIniciación general al método Decroly y ensayo de la aplicación a la escuela primaria /
260 _aBuenos Aires :
_bLosada,
_c1965.
300 _a123 páginas ;
_c20 cm.
440 _aLa escuela activa
_912657
505 _aContenido: Programa de una escuela en la vida -- Hacia la escuela renovada -- Ideas generales sobre el método Decroly ...
650 _aMétodo de Educación primaria.
_929695
650 _aEducación primaria.
_91561
650 _aDecroly
_929696
700 _aNavarro de Luzuriaga, M. L. (traductor)
_929697
942 _2ddc
_cLIBROS
945 _awnts
_d2019-04-30